Countries by Smallest Coastline - Statistics

General Stats
  • This quiz has been taken 43 times
  • The average score is 6 of 10
Answer Stats
Length Answer % Correct
4.1km Monaco
98%
20km Bosnia and Herzegovina
73%
30km Nauru
73%
24km Tuvalu
59%
37km Togo
54%
26km Jordan
51%
56km Democratic Republic of the Congo
49%
47km Slovenia
49%
66.5km Belgium
39%
58km Iraq
39%
No matching quizzes found
Score Distribution
Percent of People with Each Score
Percentile by Number Answered
Your Score History
You have not taken this quiz